Speisen in einem englischen Frühstück - Statistiken

Allgemein
  • Dieses Quiz wurde 259 mal gespielt
  • Das Durchschnittsergebnis liegt bei 4 aus 8
Antwortstatistiken
Essen % Korrekt
Eggs
88%
Fried bread / Toasted bread
81%
Baked beans
79%
Back bacon
65%
Sausages
62%
Fried tomato
38%
Fried mushrooms
22%
Black pudding
14%
Keine übereinstimmenden Quizze gefunden
Verteilung der Resultate
Anzahl Personen mit jedem Resultat
Perzentil nach korrekt beantworteten Fragen
Ihre Resultats-Entwicklung
Sie haben dieses Quiz noch nicht gespielt